Vybrané problémy spoločnej poľnohospodárskej politiky

Podnety k vzniku spoločnej poľnohospodárskej politiky. Motivácia jednotlivých krajín Európskej únie k spoločnej poľnohospodárskej politike. Aktuálna situácia v spoločnej poľnohospodárskej politike. Tri vízie reformy spoločnej poľnohospodárskej politiky.

Gespeichert in:
Bibliographische Detailangaben
1. Verfasser: Janok, Michal
Weitere Verfasser: Ančicová, Martina
Format: Buchkapitel
Sprache:Slowakisch
Schlagworte:
Tags: Tag hinzufügen
Keine Tags, Fügen Sie das erste Tag hinzu!

MARC

LEADER 00000nla$a2200000$$$4500
001 0066550
005 20240502071806.2
041 0 |a slo 
044 |a SK 
245 1 0 |a Vybrané problémy spoločnej poľnohospodárskej politiky  |c Michal Janok, Martina Ančicová 
520 |a Podnety k vzniku spoločnej poľnohospodárskej politiky. Motivácia jednotlivých krajín Európskej únie k spoločnej poľnohospodárskej politike. Aktuálna situácia v spoločnej poľnohospodárskej politike. Tri vízie reformy spoločnej poľnohospodárskej politiky. 
610 2 0 |a poľnohospodárstvo 
610 2 0 |a politika poľnohospodárska 
610 2 0 |a reformy poľnohospodárske 
610 2 0 |a spolupráca hospodárska medzinárodná 
610 2 0 |a integrácia 
610 2 0 |a transformácia 
610 2 0 |a Európska únia 
100 1 |a Janok, Michal 
700 1 |a Ančicová, Martina